Building surveys (Record no. 112835)

MARC details
000 -LEADER
fixed length control field 01719cam a2200265 4500
001 - CONTROL NUMBER
control field L154096
008 - FIXED-LENGTH DATA ELEMENTS--GENERAL INFORMATION
fixed length control field 060929n2009 000 0 eng u
020 ## - INTERNATIONAL STANDARD BOOK NUMBER
International Standard Book Number 9780080884370
035 ## - SYSTEM CONTROL NUMBER
System control number (Sirsi) u154096
041 0# - LANGUAGE CODE
Language code of text/sound track or separate title eng
050 04 - LIBRARY OF CONGRESS CALL NUMBER
Classification number 690.2 $2 18
100 1# - MAIN ENTRY--PERSONAL NAME
Personal name Glover, Peter
245 00 - TITLE STATEMENT
Title Building surveys
Medium [electronic resource]
250 ## - EDITION STATEMENT
Edition statement 7th ed.
260 ## - PUBLICATION, DISTRIBUTION, ETC.
Place of publication, distribution, etc. Oxford
Name of publisher, distributor, etc. Butterworth Heinemann
Date of publication, distribution, etc. 2009
300 ## - PHYSICAL DESCRIPTION
Extent eBook
505 1# - FORMATTED CONTENTS NOTE
Formatted contents note Organisation -- House surveys -- Foundations -- Walls -- Floors -- Roofs and chimneys -- Joinery and woodwork -- Finishes and surfaces -- Services -- The report -- Home condition, homebuyer and other pro forma reports -- Reports on non-residential buildings -- Reports on flats and apartments -- New buildings and buildings under construction -- Reports on older buildings -- Reports on leasehold properties -- Reports for prospective mortgages -- A typical building survey report -- Legal considerations -- Dilapidations -- Conservation and the surveyor -- The surveyor as an expert witness
520 ## - SUMMARY, ETC.
Summary, etc. This eBook is aimed at both students and practitioners emphasises the practical knowledge, techniques and equipment required to inspect and report accurately. Covers new concerns such as asbestos, contamination and energy efficiency in buildings as well as changes in legislation. Also discusses recent cases that impact on surveyor's liabilities to their clients. Includes a glossary, bibliography and list of court cases.
590 ## - LOCAL NOTE (RLIN)
Local note KA NTK
650 24 - SUBJECT ADDED ENTRY--TOPICAL TERM
Topical term or geographic name entry element EBOOK
651 #4 - SUBJECT ADDED ENTRY--GEOGRAPHIC NAME
Geographic name ENGLAND AND WALES
690 ## - LOCAL SUBJECT ADDED ENTRY--TOPICAL TERM (OCLC, RLIN)
Topical term or geographic name as entry element Building surveying
9 (RLIN) 6225
856 48 - ELECTRONIC LOCATION AND ACCESS
Uniform Resource Identifier <a href="https://www.vlebooks.com/">https://www.vlebooks.com/</a>
Public note View on VLEbooks. Logins for members only from [email protected]
942 ## - ADDED ENTRY ELEMENTS (KOHA)
Suppress in OPAC 0
Holdings
Withdrawn status Lost status Source of classification or shelving scheme Damaged status Not for loan Home library Current library Shelving location Date acquired Total Checkouts Full call number Barcode Date last seen Copy number Price effective from Koha item type
    Dewey Decimal Classification     Virtual Virtual Online 12/10/2011   EBOOK 154096-2001 06/08/2019 1 06/08/2019 Book